LIBRARY & INFORMATION CENTRE, KCAET, TAVANUR

ONLINE PUBLIC ACCESS CATALOGUE (OPAC)

Sustainable solid waste management / (Record no. 14045)

MARC details
000 -LEADER
fixed length control field 00825cam a22002777a 4500
003 - CONTROL NUMBER IDENTIFIER
control field OSt
008 - FIXED-LENGTH DATA ELEMENTS--GENERAL INFORMATION
fixed length control field 240203b |||||||| |||| 00| 0 eng d
020 ## - INTERNATIONAL STANDARD BOOK NUMBER
ISBN 9781926895246
020 ## - INTERNATIONAL STANDARD BOOK NUMBER
ISBN 192689524X
041 ## - LANGUAGE CODE
Language code of text/sound track or separate title eng
082 04 - DEWEY DECIMAL CLASSIFICATION NUMBER
Classification number 628.4
Item number UNN/SU
245 00 - TITLE STATEMENT
Title Sustainable solid waste management /
260 ## - PUBLICATION, DISTRIBUTION, ETC. (IMPRINT)
Place of publication Toronto :
Name of publisher Apple Academic Press,
Year of publication c2013.
300 ## - PHYSICAL DESCRIPTION
Number of Pages xiv, 163 p. :
Other physical details ill. ;
650 #0 - SUBJECT ADDED ENTRY--TOPICAL TERM
Topical Term Refuse and refuse disposal.
650 #0 - SUBJECT ADDED ENTRY--TOPICAL TERM
Topical Term Sustainable development.
650 #0 - SUBJECT ADDED ENTRY--TOPICAL TERM
Topical Term Waste minimization.
650 #0 - SUBJECT ADDED ENTRY--TOPICAL TERM
Topical Term Recycling (Waste, etc.)
650 #6 - SUBJECT ADDED ENTRY--TOPICAL TERM
Topical Term Déchets
650 #6 - SUBJECT ADDED ENTRY--TOPICAL TERM
Topical Term Développement durable.
650 #6 - SUBJECT ADDED ENTRY--TOPICAL TERM
Topical Term Déchets
650 #6 - SUBJECT ADDED ENTRY--TOPICAL TERM
Topical Term Recyclage (Déchets, etc.)
700 1# - ADDED ENTRY--PERSONAL NAME
Personal name Rav, S. Bhupatthi.
700 1# - ADDED ENTRY--PERSONAL NAME
Personal name Unnisa, Syeda Azeem.
942 ## - ADDED ENTRY ELEMENTS (KOHA)
Koha item type Reference
Holdings
Withdrawn status Lost status Damaged status Collection code Home library Current library Shelving location Date acquired Full call number Accession Number Koha item type
      General Books KAUAET KAUAET General Stacks 30/03/2013 628.4 UNN/SU 23842 Books
free website counter